000 00661cam a22002051 4500
001 sa 63003662
003 DLC
005 20260227111943.0
008 810921s1960 io 001 0 ind
010 _asa 63003662
040 _aDLC
_cDLC
_dDLC
043 _aa-io---
050 0 0 _aDS646.15.A8
_bA93 1960
110 1 _aAtjeh, Indonesia.
_bDjawatan Penerangan.
245 1 0 _aDetik dan peristiwa jang terdjadi dalam Daerah Istimewa Atjeh tahun 1959.
260 _a[Kutaradja]
_bDjawatan Penerangan Daerah Istimewa Atjeh
_c[1960]
300 _a75 p.
_c24 cm.
500 _aCover title.
651 0 _aNanggroe Aceh Darussalam (Indonesia)
_xDescription and travel.
999 _c55223
_d55223